<?xml version="1.0" encoding="UTF-8"?>
<record
    xmlns:xsi="http://www.w3.org/2001/XMLSchema-instance"
    xsi:schemaLocation="http://www.loc.gov/MARC21/slim http://www.loc.gov/standards/marcxml/schema/MARC21slim.xsd"
    xmlns="http://www.loc.gov/MARC21/slim">

  <leader>03622cam a2200397 i 4500</leader>
  <controlfield tag="001">9833286</controlfield>
  <controlfield tag="003">CaAEU</controlfield>
  <controlfield tag="005">20251023175649.0</controlfield>
  <controlfield tag="008">210524t20212021nyuab    b    001 0 eng  </controlfield>
  <datafield tag="010" ind1=" " ind2=" ">
    <subfield code="a">  2021024614</subfield>
  </datafield>
  <datafield tag="015" ind1=" " ind2=" ">
    <subfield code="a">GBC189911</subfield>
    <subfield code="2">bnb</subfield>
  </datafield>
  <datafield tag="016" ind1="7" ind2=" ">
    <subfield code="a">020217394</subfield>
    <subfield code="2">Uk</subfield>
  </datafield>
  <datafield tag="020" ind1=" " ind2=" ">
    <subfield code="a">9781108701440</subfield>
  </datafield>
  <datafield tag="035" ind1=" " ind2=" ">
    <subfield code="a">on1252739615</subfield>
  </datafield>
  <datafield tag="040" ind1=" " ind2=" ">
    <subfield code="a">DLC</subfield>
    <subfield code="b">eng</subfield>
    <subfield code="e">rda</subfield>
    <subfield code="c">DLC</subfield>
    <subfield code="d">OCLCO</subfield>
    <subfield code="d">UKMGB</subfield>
    <subfield code="d">OCLCF</subfield>
    <subfield code="d">CDX</subfield>
    <subfield code="d">AEKC</subfield>
  </datafield>
  <datafield tag="041" ind1=" " ind2=" ">
    <subfield code="a">eng</subfield>
  </datafield>
  <datafield tag="042" ind1=" " ind2=" ">
    <subfield code="a">pcc</subfield>
  </datafield>
  <datafield tag="050" ind1="0" ind2="0">
    <subfield code="a">HF1379</subfield>
    <subfield code="b">.C94 2021</subfield>
  </datafield>
  <datafield tag="100" ind1=" " ind2=" ">
    <subfield code="a">Czinkota, Michael R.</subfield>
    <subfield code="e">author</subfield>
    <subfield code="9">20542</subfield>
  </datafield>
  <datafield tag="245" ind1="1" ind2="0">
    <subfield code="a">International business /</subfield>
    <subfield code="c">Michael R. Czinkota, Ilkka A. Ronkainen, Suraksha Gupta.</subfield>
  </datafield>
  <datafield tag="250" ind1=" " ind2=" ">
    <subfield code="a">Ninth Edition.</subfield>
  </datafield>
  <datafield tag="260" ind1=" " ind2=" ">
    <subfield code="a">New York, NY ;</subfield>
    <subfield code="b">Cambridge :</subfield>
    <subfield code="b">Cambridge University Press,</subfield>
    <subfield code="c">2021.</subfield>
  </datafield>
  <datafield tag="300" ind1=" " ind2=" ">
    <subfield code="a">xv, 573 pages :</subfield>
    <subfield code="b">color illustrations, color maps ;</subfield>
    <subfield code="c">26 cm.</subfield>
  </datafield>
  <datafield tag="500" ind1=" " ind2=" ">
    <subfield code="a">Revised edition of International business, c2011.</subfield>
  </datafield>
  <datafield tag="504" ind1=" " ind2=" ">
    <subfield code="a">Includes bibliographical references (pages 513-553) and index.</subfield>
  </datafield>
  <datafield tag="505" ind1="0" ind2=" ">
    <subfield code="a">Part I. The international business imperative &#x2014; Trade and investment policies &#x2014; The essence of culture &#x2014; Politics and laws &#x2014; Part II. Financial management &#x2014; Developing and emerging markets and their integration &#x2014; Building data and knowledge &#x2014; Entry and expansion &#x2014; Part III. International marketing &#x2014; Services &#x2014; International supply chain management &#x2014; Managing globally &#x2014; Part IV. Ownership, governance, and sustainability &#x2014; Digital contributions for international business &#x2014; International business: the soul and future &#x2014; Case studies. Alibaba and its influence on international market &#x2014; Do international traders have it all wrong? &#x2014; Diwali in India &#x2014; The tomato: Vegetable or fruit? &#x2014; Mixel agitators, a French SME expanding into China &#x2014; HSBC: Guanxi for internationalization &#x2014; The Bell Boeing V-22 &#x2014; Tao Kea Noi seaweed snack: Going global &#x2014; Honeyland manuka honey from New Zealand &#x2014; When diamonds weep &#x2014; H-1B visa: A high-tech dilemma &#x2014; Chopsticks from America: A historic assessment &#x2014; Ecological cooling: The fridge from Eastern Germany &#x2014; One afternoon at the United States International Trade Commission &#x2014; Whiskey to Vietnam: Learning rapidly &#x2014; References &#x2014; Index.</subfield>
  </datafield>
  <datafield tag="520" ind1=" " ind2=" ">
    <subfield code="a">Thoroughly updated, the 9th edition of this bestselling textbook incorporates global trends and data, supported by an exemplary case selection based on firms from around the world. The internationally cited author team of Czinkota, Ronkainen, and Gupta balance conceptual understanding of business theory with the day-to-day realities of business practice, preparing students to become successful participants in the global business place. This edition brings greater focus on Asia and emerging markets, as well as Brexit, the impact of COVID-19 on business and the importance of technology and the digital space to international business practice. Through its discussion and analysis, the book guides students to a greater understanding of contemporary business issues and helps them to develop new tools of analysis. Covering all key aspects of international business, the authors emphasize a few key dimensions: international context, role of government in international business, small- and medium-sized firms, and social responsibility. </subfield>
  </datafield>
  <datafield tag="650" ind1=" " ind2="0">
    <subfield code="a">International trade</subfield>
    <subfield code="9">495</subfield>
  </datafield>
  <datafield tag="650" ind1=" " ind2="0">
    <subfield code="a">International finance</subfield>
    <subfield code="9">496</subfield>
  </datafield>
  <datafield tag="650" ind1=" " ind2="0">
    <subfield code="a">Investments, Foreign</subfield>
    <subfield code="9">1315</subfield>
  </datafield>
  <datafield tag="650" ind1=" " ind2="0">
    <subfield code="a">International business enterprises</subfield>
    <subfield code="9">4692</subfield>
  </datafield>
  <datafield tag="650" ind1=" " ind2="0">
    <subfield code="a">International business enterprises</subfield>
    <subfield code="x">Management</subfield>
    <subfield code="9">498</subfield>
  </datafield>
  <datafield tag="700" ind1=" " ind2=" ">
    <subfield code="a">Ronkainen, Ilkka A.</subfield>
    <subfield code="e">author</subfield>
    <subfield code="9">20541</subfield>
  </datafield>
  <datafield tag="700" ind1=" " ind2=" ">
    <subfield code="a">Gupta, Suraksha</subfield>
    <subfield code="e">author</subfield>
    <subfield code="9">26306</subfield>
  </datafield>
  <datafield tag="942" ind1=" " ind2=" ">
    <subfield code="2">lcc</subfield>
  </datafield>
  <datafield tag="952" ind1=" " ind2=" ">
    <subfield code="0">0</subfield>
    <subfield code="1">0</subfield>
    <subfield code="2">lcc</subfield>
    <subfield code="4">0</subfield>
    <subfield code="7">0</subfield>
    <subfield code="a">TBS</subfield>
    <subfield code="b">TBS</subfield>
    <subfield code="d">2025-10-23</subfield>
    <subfield code="l">0</subfield>
    <subfield code="o">HF1379 CZI</subfield>
    <subfield code="p">B05701</subfield>
    <subfield code="r">2025-10-23</subfield>
    <subfield code="t">1</subfield>
    <subfield code="w">2025-10-23</subfield>
    <subfield code="y">1</subfield>
  </datafield>
  <datafield tag="999" ind1=" " ind2=" ">
    <subfield code="c">5099</subfield>
    <subfield code="d">5099</subfield>
  </datafield>
</record>
